| Поле | Инд. | ПП | Название | Значение |
|---|---|---|---|---|
| Тип записи | a | |||
| Библиографический уровень | b | |||
| 001 | Контрольный номер | RU/IS/BASE/103812325 | ||
| 005 | Дата корректировки | 20200522190756.7 | ||
| 084 | a | Индекс другой классификации/Индекс ББК | 65.291.3(2Рос)-21 | |
| 100 | 1_ | a | Автор | Синяева И. |
| q | Полное имя | Синяева Инга | ||
| 245 | a | Заглавие | Сущность и механизм управления маркетингом | |
| 504 | a | Библиография | Библиогр. сноски | |
| 520 | a | Аннотация | Национальный рынок России постепенно приобретает формы целостной системы, все более способной обеспечить экономические гарантии для всех участников товарно-денежных отношений за счет создания единого рыночного пространства, правовой базы, преобладания неценовых факторов над ценовыми, повышения приоритетности спроса относительно предложения. Тем очевиднее необходимость пристального изучения основ управления маркетингом в тесной увязке с элементами рыночного механизма, его принципами, функциями | |
| 650 | a | Основная рубрика | маркетинг | |
| a | Основная рубрика | менеджмент (управление предприятием) | ||
| a | Основная рубрика | экономика | ||
| a | Основная рубрика | экономика предприятия | ||
| 653 | a | Ключевые слова | государственное регулирование | |
| a | Ключевые слова | культурно-образовательная среда | ||
| a | Ключевые слова | маркетинговая деятельность предприятия | ||
| a | Ключевые слова | маркетинговая информационная среда | ||
| a | Ключевые слова | методология маркетинга | ||
| a | Ключевые слова | научно-техническая среда | ||
| a | Ключевые слова | политическая среда | ||
| a | Ключевые слова | природно-географическая среда | ||
| a | Ключевые слова | регулирование спроса | ||
| a | Ключевые слова | Россия | ||
| a | Ключевые слова | рыночная среда | ||
| a | Ключевые слова | рыночная экономика | ||
| a | Ключевые слова | социально-этический маркетинг | ||
| a | Ключевые слова | управление маркетингом | ||
| a | Ключевые слова | экономико-правовая среда | ||
| 773 | t | Заглавие источника | РИСК: ресурсы, информация, снабжение, конкуренция | |
| d | Дата издания источника | 2003 | ||
| g | Прочая информация | № 1. - С. 102 - 114 : схем., рис. | ||
| w | Контрольный № источника | RU/IS/BASE/102175616 | ||
| 901 | t | Тип документа | b |